00607nam a2200193Ia 4500008004100000020001500041082001300056100002500069245002200094250000800116260003800124300002400162500001900186600002100205650005000226942000700276952011500283999001500398240925s9999 xx 000 0 und d a8120321758 a004.6TAN aTanenbaum, Andrew .S 0aComputer Networks a4th aNew Delhi:bPrentice Hallc,2003. a850p.bNAfOriginal aIncludes Index aComputer Science aComputer science, information & general works cBK 001040708CSaUITUbUITUd2005-02-22eF.B.Cg120.00l0o004.6TANpQ6093r2024-09-25 07:14:04w2024-09-25yBK c8592d8592